000 00391nam a2200169Ia 4500
008 221030s9999 xx 000 0 und d
020 _a8176565237
041 _aEnglish
082 _a105.23
100 _aM. Jain
245 0 _aComputer Organisation & Architecture
260 _bBPB Pub
_aNew Delhi
_c2006
300 _a302
650 _aBB Computer
700 _aV. Pillai
942 _cBK
999 _c3106
_d3106